Front Office tevékenysége a Florin Apart Hotelben
| Szerző: | |
|---|---|
| További közreműködők: | |
| Dokumentumtípus: | Projektmunka |
| Kulcsszavak: | nagyvárosok szállodaipar turisztikai desztináció turizmus turizmusfejlesztés |
| Online Access: | http://dolgozattar.uni-bge.hu/59981 |
MARC
| LEADER | 00000nnm a2200000 i 4500 | ||
|---|---|---|---|
| 001 | dolg59981 | ||
| 005 | 20260409145828.0 | ||
| 008 | 260409suuuu hu o 000 hun d | ||
| 040 | |a BGE Dolgozattár Repozitórium |b hun | ||
| 041 | |a hu | ||
| 100 | 1 | |a Inotai Tamara | |
| 245 | 1 | 0 | |a Front Office tevékenysége a Florin Apart Hotelben |c Inotai Tamara |h [elektronikus dokumentum] |
| 516 | |a Project_work | ||
| 520 | 3 | |a Szakmai gyakorlatomat a belvárosi Florin Apart Hotelben teljesítettem Front Office munkakörben. A gyakorlati időszak alatt alapos tapasztalatot szereztem a recepciós feladatkör minden területén: vendégek fogadása, kommunikáció, problémamegoldás, foglalási rendszerek kezelése, számlázás, valamint a csapatmunka és a stresszkezelés területén is fejlődtem. Megfigyeléseim alapján a szállodai vendégélmény szempontjából a precíz munkavégzés, a rugalmas hozzáállás és az empatikus kommunikáció kulcsszerepet játszanak. A gyakorlat megerősítette elhivatottságomat a turizmus és vendéglátás iránt, valamint hozzájárult szakmai és személyes készségeim fejlődéséhez. | |
| 695 | |a nagyvárosok | ||
| 695 | |a szállodaipar | ||
| 695 | |a turisztikai desztináció | ||
| 695 | |a turizmus | ||
| 695 | |a turizmusfejlesztés | ||
| 700 | 1 | |a Bártfai Endre György |e ths | |
| 856 | 4 | 0 | |u http://dolgozattar.uni-bge.hu/59981/1/Front%20Office%20tev%C3%A9kenys%C3%A9ge%20a%20Florin%20Apart%20Hotelben.pdf |z Dokumentum-elérés |
| 856 | 4 | 0 | |u http://dolgozattar.uni-bge.hu/59981/2/Inotai%20Tamara_Projektmunka_B%C3%ADr%C3%A1lati%20lap_FOSZK_B%C3%A1rtfai%20Endre.pdf |z Dokumentum-elérés |